| 000 | 00921cam a2200205 a 4500 | ||
|---|---|---|---|
| 001 | 000005917 | ||
| 005 | 20200929151835.0 | ||
| 008 | 931021s1990 sp b 000 0 spa d | ||
| 020 | _a8472325644 (pbk.) | ||
| 040 |
_aDO-SdBNP _cNSbSU _dDLC |
||
| 082 |
_a972.02 _bC987r |
||
| 100 | 1 |
_aCustudio, Alvaro. _916694 |
|
| 245 | 1 | 3 |
_aEl regreso de Quetzalcoatl : _bla epopeya azteca / _cAlvaro Custodio. |
| 260 |
_aMadrid : _bEdiciones de Cultura Hispanica, Instituto de Cooperacion Iberoamericana, _c1990. |
||
| 300 |
_a128 p. ; _c20 cm. |
||
| 500 | _a"Documento epico-dramatico representado al aire libre en las piramides de Teopanzolco y Teotihacan. Con un estudio previo sobre el Pueblo del Sol y la conquista de Mexico por Hernan Cortes." | ||
| 504 | _aIncludes bibliographical references (p. 123-128). | ||
| 651 | 4 |
_aMéxico _xHistoria _xDescubrimiento Y Conquista, _y1517-1521 _916695 |
|
| 910 | _aCatalogación por copia / LC | ||
| 999 |
_c5713 _d5713 |
||